[Event "Igualada Anoia op 13th"]
[Site "Igualada"]
[Date "2018.01.13"]
[Round "1"]
[White "Valls Anton, Lluis Felip"]
[Black "Vilella Bertran, Joan"]
[Result "0-1"]
[WhiteElo "1578"]
[BlackElo "1963"]
[PlyCount "56"]
[EventDate "2018.01.13"]
[EventType "swiss"]
[EventRounds "8"]
[EventCountry "ESP"]
[SourceTitle "CBM 187 Extra"]
[Source "ChessBase"]
[SourceDate "2018.11.04"]
[SourceVersion "1"]
[SourceVersionDate "2018.11.04"]
[SourceQuality "1"]

1. d4 Nf6 2. c4 c5 3. d5 b5 4. b3 g6 5. Nf3 Bg7 6. Bb2 Qa5+ 7. Qd2 Qb6 8. Qc2 d6 9. e3 Na6 10. a3 Rb8 11. Nbd2 bxc4 12. Qxc4 Nc7 13. Rb1 Ncxd5 14. Bxf6 Nxf6 15. b4 Be6 16. Qc2 0-0 17. Bc4 d5 18. Ba2 c4 19. Nd4 Bd7 20. 0-0 e5 21. N4f3 Bf5 22. e4 Nxe4 23. Nh4 Nxd2 24. Nxf5 Nxb1 25. Ne7+ Kh8 26. Nxd5 Nxa3 27. Nxb6 Nxc2 28. Nd7 Rxb4 0-1

[Event "Barcelona Escacs op 2nd"]
[Site "Barcelona"]
[Date "2017.12.01"]
[Round "9"]
[White "Valls Anton, Lluis Felip"]
[Black "Zacarias Guerra, Pedro"]
[Result "1-0"]
[WhiteElo "1606"]
[BlackElo "1357"]
[PlyCount "59"]
[EventDate "2017.09.29"]
[EventType "swiss"]
[EventRounds "9"]
[EventCountry "ESP"]
[SourceTitle "EXT 2019"]
[Source "ChessBase"]
[SourceDate "2018.10.10"]
[SourceVersion "1"]
[SourceVersionDate "2018.10.10"]
[SourceQuality "1"]

1. e4 d6 2. d4 Bd7 3. Nf3 b5 4. c4 b4 5. Be3 f6 6. Qb3 Nc6 7. d5 Ne5 8. Nxe5 fxe5 9. Qxb4 Qb8 10. Qd2 Bg4 11. b4 Nf6 12. f3 Bc8 13. a3 h6 14. Nc3 a6 15. Be2 g5 16. Rb1 Bd7 17. 0-0 Nh5 18. c5 Nf4 19. Bxf4 gxf4 20. b5 Qd8 21. c6 Bc8 22. b6 cxb6 23. Rfc1 b5 24. a4 e6 25. axb5 Qh4 26. b6 exd5 27. b7 Rg8 28. bxa8Q Qf6 29. Nxd5 Rxg2+ 30. Kxg2 1-0

[Event "Barcelona Escacs op 2nd"]
[Site "Barcelona"]
[Date "2017.11.24"]
[Round "8"]
[White "Ani, Virgil"]
[Black "Valls Anton, Lluis Felip"]
[Result "1-0"]
[WhiteElo "1520"]
[BlackElo "1606"]
[PlyCount "83"]
[EventDate "2017.09.29"]
[EventType "swiss"]
[EventRounds "9"]
[EventCountry "ESP"]
[SourceTitle "EXT 2019"]
[Source "ChessBase"]
[SourceDate "2018.10.10"]
[SourceVersion "1"]
[SourceVersionDate "2018.10.10"]
[SourceQuality "1"]

1. Nf3 d5 2. d4 Nf6 3. c3 e6 4. Bg5 Be7 5. e3 Nbd7 6. Nbd2 b6 7. Bd3 Bb7 8. 0-0 h6 9. Bh4 Nh5 10. Bxe7 Qxe7 11. Re1 f5 12. Ne5 Nxe5 13. dxe5 g6 14. Nf3 0-0-0 15. Qa4 Kb8 16. Nd4 c6 17. Nxc6+ Bxc6 18. Qxc6 Rc8 19. Qa4 g5 20. Be2 Ng7 21. Rab1 Qc7 22. Qd4 g4 23. g3 h5 24. Rbd1 h4 25. c4 Rhd8 26. Qc3 h3 27. b4 Qb7 28. Rd4 dxc4 29. Bf1 b5 30. Red1 Qc7 31. Rxd8 Rxd8 32. Rxd8+ Qxd8 33. Qd4 Qxd4 34. exd4 Kc7 35. f3 gxf3 36. Kf2 Kb6 37. Bxh3 a5 38. a3 axb4 39. axb4 Kc6 40. Ke3 Kd5 41. Bf1 f2 42. Bg2# 1-0

[Event "Barcelona Escacs op 2nd"]
[Site "Barcelona"]
[Date "2017.10.20"]
[Round "3"]
[White "Valls Anton, Lluis Felip"]
[Black "Cervello Tost, Roger"]
[Result "0-1"]
[WhiteElo "1606"]
[BlackElo "1991"]
[PlyCount "111"]
[EventDate "2017.09.29"]
[EventType "swiss"]
[EventRounds "9"]
[EventCountry "ESP"]
[SourceTitle "EXT 2019"]
[Source "ChessBase"]
[SourceDate "2018.10.10"]
[SourceVersion "1"]
[SourceVersionDate "2018.10.10"]
[SourceQuality "1"]

1. d4 d5 2. c4 e6 3. Nc3 Nf6 4. cxd5 exd5 5. Bg5 Nbd7 6. e3 c6 7. Bd3 Be7 8. Nf3 0-0 9. Rb1 Re8 10. 0-0 Nf8 11. Qc2 h6 12. Bxf6 Bxf6 13. h3 Be6 14. b4 Rc8 15. Rfc1 a6 16. Na4 Nd7 17. Nc5 Qc7 18. Bf5 Bxf5 19. Qxf5 Nb6 20. Nd2 Rcd8 21. a4 Nc8 22. b5 axb5 23. axb5 Nd6 24. b6 Qe7 25. Qd3 Ra8 26. Ra1 Qd8 27. Qb3 Qc8 28. Ra7 Bd8 29. Rca1 Rb8 30. Qb4 Nb5 31. R7a2 Bxb6 32. Nf3 Bc7 33. Nd3 Bd6 34. Qb3 Qe6 35. Rc1 Ra8 36. Nc5 Bxc5 37. Rxc5 Qc8 38. Ne5 Rxa2 39. Qxa2 Qa8 40. Qb1 Nd6 41. Rc2 f6 42. Nd3 Qa3 43. Nc5 Ra8 44. Rc1 Qa2 45. Qg6 Qb2 46. Rc2 Qb1+ 47. Kh2 Re8 48. Nd7 Re6 49. Nc5 Re7 50. Qd3 Nc4 51. Qe2 f5 52. Nd3 Qb6 53. Nf4 Qc7 54. Qh5 g5 55. Qg6+ Rg7 56. Qe6+ 0-1

[Event "Sant Adria de Besos op-B 1st"]
[Site "Sant Adria de Besos"]
[Date "2017.08.11"]
[Round "1"]
[White "Barroso Quinones, Antonio"]
[Black "Valls Anton, Lluis Felip"]
[Result "1-0"]
[WhiteElo "1846"]
[BlackElo "1583"]
[PlyCount "73"]
[EventDate "2017.08.11"]
[EventType "swiss"]
[EventRounds "9"]
[EventCountry "ESP"]
[SourceTitle "EXT 2019"]
[Source "ChessBase"]
[SourceDate "2018.10.10"]
[SourceVersion "1"]
[SourceVersionDate "2018.10.10"]
[SourceQuality "1"]

1. d4 Nf6 2. c4 g6 3. Nc3 d5 4. cxd5 Nxd5 5. e4 Nxc3 6. bxc3 Bg7 7. Bc4 c5 8. Be3 Nc6 9. Ne2 cxd4 10. cxd4 0-0 11. 0-0 Bg4 12. f3 Bd7 13. Rc1 e6 14. Qd2 a6 15. Bg5 Qa5 16. Rfd1 Qxd2 17. Rxd2 Na5 18. Bd3 Nc6 19. Bb1 h6 20. Bf4 Rac8 21. Kf2 Ne7 22. Rdc2 Rxc2 23. Rxc2 Rc8 24. Rb2 Bb5 25. a4 Bxe2 26. Kxe2 Nc6 27. Rxb7 Nxd4+ 28. Kf2 Kh7 29. Rxf7 Rf8 30. Rxg7+ Kxg7 31. Be5+ Kf7 32. Bxd4 Rd8 33. Ke3 Rb8 34. Bd3 Rb4 35. a5 Rb3 36. g4 Ke7 37. e5 1-0

[Event "Igualada op 12th"]
[Site "Igualada"]
[Date "2017.01.21"]
[Round "2"]
[White "Valls Anton, Lluis Felip"]
[Black "Diaz Soro, Josep Lluis"]
[Result "0-1"]
[WhiteElo "1513"]
[BlackElo "1700"]
[PlyCount "50"]
[EventDate "2017.01.14"]
[EventType "swiss"]
[EventRounds "8"]
[EventCountry "ESP"]
[SourceTitle "EXT 2018"]
[Source "ChessBase"]
[SourceDate "2017.10.13"]
[SourceVersion "1"]
[SourceVersionDate "2017.10.13"]
[SourceQuality "1"]

1. e4 c5 2. Nf3 e6 3. d4 cxd4 4. Nxd4 Nf6 5. Bg5 Qa5+ 6. Qd2 Qe5 7. f3 Bc5 8. Bxf6 Qxf6 9. c3 a6 10. a4 0-0 11. Na3 d5 12. exd5 exd5 13. Nac2 Re8+ 14. Be2 Be6 15. 0-0 Nc6 16. Kh1 Rad8 17. b4 Ba7 18. b5 Ne5 19. Na3 Nc4 20. Nxc4 dxc4 21. Rfd1 a5 22. Qb2 Bb6 23. Nxe6 Rxd1+ 24. Rxd1 Qxe6 25. Qa2 Qxe2 0-1